[Event "Rowy Seniors-ch 15th"]
[Site "Rowy"]
[Date "2009.09.09"]
[Round "2"]
[White "Komysheva, Margarita"]
[Black "Lenart, Franciszek"]
[Result "1-0"]
[WhiteElo "2097"]
[BlackElo "1612"]
[PlyCount "41"]
[EventDate "2009.09.08"]
[EventType "swiss"]
[EventRounds "9"]
[EventCountry "POL"]
[SourceTitle "EXT 2010"]
[Source "ChessBase"]
[SourceDate "2010.11.25"]
[SourceVersion "1"]
[SourceVersionDate "2010.11.25"]
[SourceQuality "1"]

1. e4 e5 2. Nf3 d6 3. d4 exd4 4. Nxd4 Bd7 5. Bc4 Be7 6. Qh5 g6 7. Qe2 Nc6 8. Nxc6 Bxc6 9. Nc3 a6 10. Bb3 Bf6 11. Bd2 Ne7 12. 0-0-0 0-0 13. h4 Nc8 14. h5 Bg5 15. f4 Bf6 16. hxg6 hxg6 17. Qg4 Kg7 18. e5 dxe5 19. fxe5 Bxe5 20. Bh6+ Kf6 21. Qg5# 1-0

[Event "Rowy Seniors-ch 15th"]
[Site "Rowy"]
[Date "2009.09.08"]
[Round "1"]
[White "Lenart, Franciszek"]
[Black "Cylwik, Zbigniew"]
[Result "1-0"]
[WhiteElo "1612"]
[BlackElo "2017"]
[PlyCount "53"]
[EventDate "2009.09.08"]
[EventType "swiss"]
[EventRounds "9"]
[EventCountry "POL"]
[SourceTitle "EXT 2010"]
[Source "ChessBase"]
[SourceDate "2010.11.25"]
[SourceVersion "1"]
[SourceVersionDate "2010.11.25"]
[SourceQuality "1"]

1. d4 d5 2. e3 Nf6 3. Nc3 Bf5 4. Be2 e6 5. Nf3 a6 6. 0-0 Bd6 7. a3 0-0 8. Bd2 Nbd7 9. Na2 Qe7 10. c4 dxc4 11. Bxc4 Ne4 12. Rc1 Nxd2 13. Nxd2 Nf6 14. Nc3 c6 15. e4 Bxh2+ 16. Kxh2 Ng4+ 17. Kg3 Qg5 18. Nf3 Qg6 19. Nh4 Qg5 20. f4 Qe7 21. exf5 Ne3 22. Qe2 Nxf1+ 23. Rxf1 Rad8 24. fxe6 f5 25. Qe5 g6 26. Rh1 b5 27. Bb3 1-0

[Event "POL-ch disabled"]
[Site "Rowy"]
[Date "2009.09.03"]
[Round "4.28"]
[White "Lenart, Franciszek"]
[Black "Niezgoda, Boleslaw"]
[Result "0-1"]
[WhiteElo "1612"]
[BlackElo "1769"]
[PlyCount "25"]
[EventDate "2009.09.01"]
[EventType "swiss"]
[EventRounds "9"]
[EventCountry "POL"]
[SourceTitle "EXT 2023"]
[Source "ChessBase"]
[SourceDate "2022.10.05"]
[SourceVersion "1"]
[SourceVersionDate "2022.10.05"]
[SourceQuality "1"]

1. d4 d5 2. e3 g6 3. Be2 Bg7 4. Nf3 Nf6 5. Nc3 0-0 6. 0-0 Nbd7 7. Ne5 Nb6 8. h3 c6 9. Bd2 e6 10. f4 Qc7 11. h4 a6 12. g4 c5 13. h5 0-1

[Event "Brandenburg Seniors op 15th"]
[Site "Rowy"]
[Date "2006.06.19"]
[Round "1"]
[White "Lenart, Franciszek"]
[Black "Schenk, Dieter"]
[Result "0-1"]
[WhiteElo "1326"]
[BlackElo "1868"]
[PlyCount "73"]
[EventDate "2006.06.19"]
[EventType "swiss"]
[EventRounds "9"]
[EventCountry "POL"]
[SourceTitle "EXT 2007"]
[Source "ChessBase"]
[SourceDate "2006.11.23"]
[SourceVersion "1"]
[SourceVersionDate "2006.11.23"]
[SourceQuality "1"]

1. d4 d5 2. e3 Nf6 3. Be2 e6 4. Nf3 Nbd7 5. Bd2 Bd6 6. c4 c6 7. c5 Bc7 8. b4 b6 9. a4 bxc5 10. bxc5 0-0 11. Nc3 e5 12. 0-0 Ne4 13. Ne1 exd4 14. exd4 Ndf6 15. f3 Nxd2 16. Qxd2 Bf5 17. Nd3 Re8 18. f4 Ba5 19. Ne5 Ne4 20. Nxc6 Nxd2 21. Nxd8 Raxd8 22. Nxd5 Nxf1 23. Kxf1 Rxd5 24. Bb5 Rc8 25. Ba6 Rb8 26. Rd1 Bc3 27. c6 Rxd4 28. Rxd4 Bxd4 29. Bb7 Bc8 30. Ke2 Bxb7 31. cxb7 Rxb7 32. Kd3 Rb4 33. a5 Kf8 34. g4 Ra4 35. h4 Bf2 36. h5 Rxa5 37. Ke2 0-1